<?xml version="1.0" encoding="UTF-8"?>
<record
    xmlns:xsi="http://www.w3.org/2001/XMLSchema-instance"
    xsi:schemaLocation="http://www.loc.gov/MARC21/slim http://www.loc.gov/standards/marcxml/schema/MARC21slim.xsd"
    xmlns="http://www.loc.gov/MARC21/slim">

  <leader>01693nam a2200193   4500</leader>
  <controlfield tag="005">20260212154013.0</controlfield>
  <controlfield tag="008">260205b        |||||||| |||| 00| 0 eng d</controlfield>
  <datafield tag="020" ind1=" " ind2=" ">
    <subfield code="a">9788183286640</subfield>
  </datafield>
  <datafield tag="041" ind1=" " ind2=" ">
    <subfield code="a">English</subfield>
  </datafield>
  <datafield tag="082" ind1=" " ind2=" ">
    <subfield code="a">005.1</subfield>
    <subfield code="b">WOO</subfield>
  </datafield>
  <datafield tag="100" ind1=" " ind2=" ">
    <subfield code="a">Woods Geoff</subfield>
    <subfield code="9">216627</subfield>
  </datafield>
  <datafield tag="245" ind1=" " ind2=" ">
    <subfield code="a">AI-Driven Leader: Harnessing AI to Make Faster, Smarter Decisions</subfield>
  </datafield>
  <datafield tag="260" ind1=" " ind2=" ">
    <subfield code="a">New Delhi</subfield>
    <subfield code="b">Wisdom Tree</subfield>
    <subfield code="c">2025</subfield>
  </datafield>
  <datafield tag="300" ind1=" " ind2=" ">
    <subfield code="a">293</subfield>
  </datafield>
  <datafield tag="365" ind1=" " ind2=" ">
    <subfield code="b">465.65</subfield>
    <subfield code="c">Rs.00</subfield>
  </datafield>
  <datafield tag="520" ind1=" " ind2=" ">
    <subfield code="a">PART1 REDEFINE YOUR LEADERSHIP IN THE AI ERA. 
1.	The Rise Of AI And The AI-Driven Leader   
2.	We've Been Here Before: What Past Technological Revolutions Can Teach AI-Driven Leaders   
3.	Shift From Operational Overwhelm To Strategic Clarity: The Essential Mindset For AI-Driven Leaders
PART 2 BECOME AN AI-DRIVEN LEADER. 
4.	Understand AI: What : It Is, How It Works, And How To Get Started   
5.	Supercharge Your Leadership: Five AI Use Cases You Can Use Today   
6.	The High Price Of The Wrong Questions: Using AI To Overcome Biases And Assumptions   
7.	Collapse The Time From Data To Decisions   
8.	Navigate Short-Term Pressures Without Sacrificing Long-Term Growth   
9.	Accelerate Strategic Momentum: Make Faster, Smarter Decisions With AI
PART 3 BUILD AN AI-DRIVEN ORGANIZATION. 
10.	Lead With Strategic Clarity: Ensure Year-Round Alignment   
11.	The Critical First 30 Days: Focused Execution To Drive Results   
12.	10x The Impact Of Every Employee  
13.	Integrate AI Seamlessly: Change Management Strategies For Smooth Transitions   
14.	Go From 0 To 1: The Simple Path To Deliver Value With AI
CONCLUSION: REDEFINE WHO YOU ARE AND WHO YOU CAN BECOME
</subfield>
  </datafield>
  <datafield tag="650" ind1=" " ind2=" ">
    <subfield code="a">Artificial Intelligence </subfield>
  </datafield>
  <datafield tag="942" ind1=" " ind2=" ">
    <subfield code="c">BK</subfield>
  </datafield>
  <datafield tag="999" ind1=" " ind2=" ">
    <subfield code="c">370336</subfield>
    <subfield code="d">370336</subfield>
  </datafield>
  <datafield tag="952" ind1=" " ind2=" ">
    <subfield code="0">0</subfield>
    <subfield code="1">0</subfield>
    <subfield code="2">ddc</subfield>
    <subfield code="4">0</subfield>
    <subfield code="7">0</subfield>
    <subfield code="a">SOFT</subfield>
    <subfield code="b">SOFT</subfield>
    <subfield code="d">2026-02-04</subfield>
    <subfield code="e">Design Book Studio</subfield>
    <subfield code="g">465.65</subfield>
    <subfield code="i">288</subfield>
    <subfield code="l">0</subfield>
    <subfield code="o">005.1 WOO</subfield>
    <subfield code="p">SOFT-BK-4949</subfield>
    <subfield code="r">2026-02-05 11:02:09</subfield>
    <subfield code="t">33%</subfield>
    <subfield code="v">695.00</subfield>
    <subfield code="w">2025-12-12</subfield>
    <subfield code="y">BK</subfield>
  </datafield>
</record>
